[Event "Madrid-ch Previa A"]
[Site "Madrid ESP"]
[Date "2016.02.15"]
[Round "4.14"]
[White "Guerrero Gonzalez, Francisco"]
[Black "Cabañas Bravo, Juan Andres"]
[Result "1/2-1/2"]
[WhiteElo "1706"]
[BlackElo "2006"]
[PlyCount "75"]
[EventDate "2016.02.08"]
[EventType "swiss"]
[EventRounds "9"]
[EventCountry "ESP"]
[SourceDate "2016.02.08"]

1. d4 Nf6 2. Nf3 g6 3. Bf4 Bg7 4. e3 O-O 5. Nbd2 d5 6. h3 c5 7. c3 Qb6 8. Qb3
Nc6 9. Be2 c4 10. Qxb6 axb6 11. O-O b5 12. a3 Nd7 13. Rfe1 Nb6 14. e4 Be6 15.
Ng5 Na4 16. Rab1 dxe4 17. Nxe6 fxe6 18. Bg3 e5 19. dxe5 Nxe5 20. Bxe5 Bxe5 21.
Nxe4 Rad8 22. Bf3 Rd7 23. Bg4 Rd3 24. Nc5 Nxc5 25. Rxe5 b6 26. Rxe7 Rd2 27. Re2
Rxe2 28. Bxe2 Rd8 29. Rd1 Rxd1+ 30. Bxd1 Nd3 31. b3 Nc1 32. bxc4 bxc4 33. a4
Kf8 34. Kf1 Na2 35. Ke1 Nxc3 36. Bc2 Ke7 37. Kd2 Nd5 38. Be4 1/2-1/2

[Event "Madrid-ch Previa A"]
[Site "Madrid ESP"]
[Date "2016.02.15"]
[Round "4.15"]
[White "Marcelo De La Mata, Daniel"]
[Black "Viñas Lopez, Carlos"]
[Result "0-1"]
[WhiteElo "1623"]
[BlackElo "1913"]
[PlyCount "88"]
[EventDate "2016.02.08"]
[EventType "swiss"]
[EventRounds "9"]
[EventCountry "ESP"]
[SourceDate "2016.02.08"]

1. e4 c5 2. Nf3 e6 3. g3 Nc6 4. Nc3 g6 5. Bg2 Bg7 6. O-O Nge7 7. d3 O-O 8. Bf4
d6 9. Qc1 Re8 10. Bh6 Bh8 11. Ne2 b5 12. c3 b4 13. Qc2 bxc3 14. bxc3 Ba6 15. a3
Rb8 16. Rfb1 Qc7 17. Be3 Rxb1+ 18. Rxb1 Rb8 19. Rxb8+ Qxb8 20. a4 Qb6 21. Bf1
Na5 22. Nc1 d5 23. d4 Bxf1 24. dxc5 Qa6 25. Qb2 Nec6 26. exd5 Bh3 27. Nd2 exd5
28. Qb5 Bc8 29. Ne2 Nc4 30. Nxc4 dxc4 31. Kf1 Qxb5 32. axb5 Na5 33. c6 a6 34.
bxa6 Bxa6 35. c7 Be5 36. Bb6 Nc6 37. f4 Bd6 38. f5 gxf5 39. Kf2 Kf8 40. Ke3 Ke7
41. Nf4 Bxf4+ 42. Kxf4 Kf6 43. Bd4+ Nxd4 44. cxd4 Ke6 0-1

[Event "Madrid-ch Previa A"]
[Site "Madrid ESP"]
[Date "2016.02.15"]
[Round "4.17"]
[White "Marin Aso, Jose Luis"]
[Black "Rodriguez Bachiller, Luis"]
[Result "1-0"]
[WhiteElo "1846"]
[BlackElo "1685"]
[PlyCount "41"]
[EventDate "2016.02.08"]
[EventType "swiss"]
[EventRounds "9"]
[EventCountry "ESP"]
[SourceDate "2016.02.08"]

1. e4 c5 2. Nc3 g6 3. f4 Bg7 4. Nf3 Nc6 5. Bb5 a6 6. Bxc6 dxc6 7. d3 Nf6 8. O-O
O-O 9. Qe1 Qc7 10. Qh4 Bg4 11. e5 Bxf3 12. Rxf3 Nd5 13. Rh3 Rfd8 14. Qxh7+ Kf8
15. Ne4 Nb4 16. e6 fxe6 17. Ng5 Qd6 18. Qxg6 Qd4+ 19. Be3 Qf6 20. Rh8+ Bxh8 21.
Nh7# 1-0

[Event "Madrid-ch Previa A"]
[Site "Madrid ESP"]
[Date "2016.02.15"]
[Round "4.18"]
[White "Cano Mercado, Francisco Manuel"]
[Black "Lizon Martinez, Santiago"]
[Result "1/2-1/2"]
[WhiteElo "1827"]
[BlackElo "1681"]
[PlyCount "77"]
[EventDate "2016.02.08"]
[EventType "swiss"]
[EventRounds "9"]
[EventCountry "ESP"]
[SourceDate "2016.02.08"]

1. Nf3 c5 2. c4 Nf6 3. Nc3 d6 4. d4 cxd4 5. Nxd4 a6 6. e4 Nbd7 7. Be3 e6 8. Be2
Be7 9. O-O O-O 10. f4 Qc7 11. Rc1 b6 12. Bf3 Bb7 13. Qe2 Rfe8 14. Bf2 Rac8 15.
g4 Nf8 16. b3 e5 17. fxe5 dxe5 18. Nf5 Ng6 19. Nxe7+ Rxe7 20. Qe3 Qd7 21. h3
Nf4 22. Kh2 h5 23. Rcd1 Qe6 24. Rg1 hxg4 25. Bxg4 Nxg4+ 26. Rxg4 f5 27. Rh4
fxe4 28. Qxb6 Rc6 29. Qd8+ Kf7 30. Be3 Rc8 31. Qd2 g5 32. Rh7+ Kg6 33. Rxe7
Qxh3+ 34. Kg1 Qg3+ 35. Kf1 Qf3+ 36. Qf2 Qh1+ 37. Qg1 Qf3+ 38. Qf2 Qh1+ 39. Qg1
1/2-1/2

[Event "Madrid-ch Previa A"]
[Site "Madrid ESP"]
[Date "2016.02.15"]
[Round "4.19"]
[White "Martin-Consuegra Barrilero, Francisco Javier"]
[Black "Lopez Ziegler, Juan Jose"]
[Result "0-1"]
[WhiteElo "1805"]
[BlackElo "1574"]
[PlyCount "128"]
[EventDate "2016.02.08"]
[EventType "swiss"]
[EventRounds "9"]
[EventCountry "ESP"]
[SourceDate "2016.02.08"]

1. d4 Nf6 2. Bf4 d5 3. e3 c5 4. c3 Nc6 5. Nd2 e6 6. Ngf3 Bd6 7. Ne5 cxd4 8.
exd4 Qc7 9. Ndf3 Ne4 10. Bb5 O-O 11. Bxc6 bxc6 12. Be3 f6 13. Nd3 Ba6 14. O-O
Qb6 15. Rb1 Qb5 16. Nf4 Bxf4 17. Bxf4 Qxf1+ 18. Qxf1 Bxf1 19. Kxf1 g5 20. Bc1
Rab8 21. Ra1 c5 22. Ke2 g4 23. Nd2 Nxd2 24. Kxd2 cxd4 25. cxd4 Rb4 26. Kd3 Rc8
27. b3 Rb7 28. Bf4 Kf7 29. Re1 Re7 30. Bd6 Ree8 31. b4 Rc6 32. Bc5 a6 33. Re3
Rb8 34. h3 h5 35. hxg4 hxg4 36. f4 gxf3 37. gxf3 Rcc8 38. f4 Rh8 39. Rg3 Rh2
40. a4 Ra2 41. Rf3 Rxa4 42. Kc2 Raxb4 43. Bxb4 Rxb4 44. Kc3 Rc4+ 45. Kd3 a5 46.
Rf1 Kg6 47. f5+ exf5 48. Rg1+ Kf7 49. Rf1 a4 50. Rxf5 Ke6 51. Rf2 a3 52. Ra2
Ra4 53. Kc3 f5 54. Kb3 Rxd4 55. Kxa3 Ke5 56. Kb3 f4 57. Kc3 f3 58. Rf2 Rf4 59.
Kd3 d4 60. Rf1 Kf5 61. Rg1 f2 62. Rf1 Ke5 63. Ke2 Ke4 64. Kd2 Kf3 0-1

[Event "Madrid-ch Previa A"]
[Site "Madrid ESP"]
[Date "2016.02.15"]
[Round "4.20"]
[White "Corredor San Jose, Antonio"]
[Black "Diaz Begonte, Manuel"]
[Result "1-0"]
[WhiteElo "1792"]
[BlackElo "1656"]
[PlyCount "107"]
[EventDate "2016.02.08"]
[EventType "swiss"]
[EventRounds "9"]
[EventCountry "ESP"]
[SourceDate "2016.02.08"]

1. e4 d5 2. Nc3 dxe4 3. Nxe4 Bf5 4. Ng3 Bg6 5. Nf3 e6 6. Bc4 Bd6 7. d3 Nd7 8.
Qe2 Ngf6 9. Bg5 h6 10. Bd2 O-O 11. O-O Re8 12. Rfe1 c5 13. Rad1 a6 14. Bc1 Qc7
15. a3 b5 16. Bb3 Nb6 17. c3 Ng4 18. Nh4 Bxg3 19. Nxg6 Bxf2+ 20. Kf1 h5 21. Bf4
Qb7 22. h3 Bxe1 23. hxg4 fxg6 24. Rxe1 Nd5 25. Be5 h4 26. Qe4 Qf7+ 27. Kg1 g5
28. Rf1 Qe7 29. d4 Rf8 30. Re1 Qf7 31. Bc2 g6 32. dxc5 h3 33. gxh3 Qf2+ 34. Kh1
Qf3+ 35. Qxf3 Rxf3 36. Be4 Rxh3+ 37. Kg2 Rh6 38. Kg3 Rc8 39. Bd6 Nf4 40. Bb7
Rh3+ 41. Kf2 Nd3+ 42. Kg2 Nxe1+ 43. Kxh3 Rd8 44. Be4 Kf7 45. Kg3 e5 46. Kf2 Ke6
47. Kxe1 Rh8 48. Kd2 Rh4 49. Bb7 a5 50. Bb8 Rh8 51. Ba7 Rh7 52. c6 Rh2+ 53. Kd3
Rh3+ 54. Kc2 1-0

[Event "Madrid-ch Previa A"]
[Site "Madrid ESP"]
[Date "2016.02.15"]
[Round "4.21"]
[White "Santamaria Baeza, Adolfo"]
[Black "Martinez Carrasco, Jesus"]
[Result "0-1"]
[WhiteElo "1918"]
[BlackElo "1624"]
[PlyCount "66"]
[EventDate "2016.02.08"]
[EventType "swiss"]
[EventRounds "9"]
[EventCountry "ESP"]
[SourceDate "2016.02.08"]

1. e4 c5 2. Nf3 d6 3. d4 cxd4 4. Qxd4 Nc6 5. Bb5 a6 6. Bxc6+ bxc6 7. O-O e5 8.
Qc4 Qc7 9. Nc3 Nf6 10. Bg5 Be6 11. Qa4 Be7 12. Bxf6 Bxf6 13. Nd5 Qb7 14. Nxf6+
gxf6 15. Rad1 Ke7 16. Rd3 Rhg8 17. Nh4 Rg5 18. Rfd1 Rd8 19. c4 c5 20. Nf3 Rg4
21. Nd2 Bd7 22. Qa3 Bc6 23. f3 Rg5 24. Nb3 Rgg8 25. Na5 Qb6 26. b4 cxb4+ 27.
Kh1 bxa3 28. Rxa3 Qc5 29. Rdd3 Rb8 30. g4 Rb1+ 31. Kg2 Rxg4+ 32. Kh3 Rg6 33.
Rdc3 Rbg1 0-1

[Event "Madrid-ch Previa A"]
[Site "Madrid ESP"]
[Date "2016.02.15"]
[Round "4.22"]
[White "Jaumandreu Llopis, Antonio"]
[Black "Lopez Peral, Enrique"]
[Result "1-0"]
[WhiteElo "1504"]
[BlackElo "1816"]
[PlyCount "76"]
[EventDate "2016.02.08"]
[EventType "swiss"]
[EventRounds "9"]
[EventCountry "ESP"]
[SourceDate "2016.02.08"]

1. e4 e5 2. Bc4 Nf6 3. Nf3 Nc6 4. d3 Bc5 5. O-O d6 6. c3 O-O 7. h3 h6 8. Re1
Re8 9. b4 Bb6 10. Be3 Be6 11. Bxe6 Rxe6 12. Nbd2 Bxe3 13. Rxe3 d5 14. b5 d4 15.
cxd4 Nxd4 16. a4 c6 17. bxc6 Nxc6 18. Nc4 Rc8 19. Rb1 b6 20. Qf1 Qe8 21. Rb5
Nd7 22. Nh4 Nd4 23. Rd5 Rcc6 24. Rg3 g6 25. Nxe5 Nxe5 26. Rxd4 Red6 27. Rxd6
Rxd6 28. Nf5 Rd8 29. Nxh6+ Kh7 30. Ng4 Nxg4 31. hxg4 Qxa4 32. Qc1 Kg7 33. Rh3
Rh8 34. Qc3+ f6 35. Qc7+ Kg8 36. Qd8+ Kf7 37. Rxh8 Qd1+ 38. Kh2 Qxg4 1-0

[Event "Madrid-ch Previa A"]
[Site "Madrid ESP"]
[Date "2016.02.15"]
[Round "4.23"]
[White "Ramos Antona, Enrique"]
[Black "Jimenez Gonzalez, Marcos"]
[Result "1/2-1/2"]
[WhiteElo "1561"]
[BlackElo "1807"]
[PlyCount "113"]
[EventDate "2016.02.08"]
[EventType "swiss"]
[EventRounds "9"]
[EventCountry "ESP"]
[SourceDate "2016.02.08"]

1. d4 d5 2. c4 e6 3. Nf3 c5 4. e3 Nc6 5. Be2 dxc4 6. O-O cxd4 7. exd4 Nf6 8.
Bxc4 Be7 9. Nc3 O-O 10. Bf4 Nd5 11. Nxd5 exd5 12. Bd3 Bg4 13. Be3 Bf6 14. h3
Bh5 15. g4 Bg6 16. Bxg6 hxg6 17. a3 Re8 18. b4 a6 19. Qd3 Qd6 20. Rfe1 Re6 21.
Bg5 Rae8 22. Rxe6 Rxe6 23. Bxf6 gxf6 24. Re1 Rxe1+ 25. Nxe1 Qf4 26. Nf3 Kg7 27.
Qe3 Qe4 28. Qxe4 dxe4 29. Nd2 Nxd4 30. Nxe4 Nc2 31. Nd6 Nxa3 32. Nxb7 Nc2 33.
f4 Nxb4 34. Kf2 Nc6 35. Ke3 a5 36. Nc5 Kf8 37. Kd3 Ke7 38. Kc4 g5 39. fxg5 fxg5
40. Kd5 Nd8 41. Kc4 Ne6 42. Ne4 f6 43. Kb5 Nf4 44. Nf2 Ke6 45. Kxa5 Ke5 46. Kb4
Kd4 47. Kb3 Ke3 48. Nd1+ Kf3 49. Nc3 Ke3 50. Kc4 Kf3 51. Kd4 Kg2 52. Ne4 Kxh3
53. Nxf6 Kg3 54. Ke4 Nh3 55. Kf5 Nf2 56. Kxg5 Nxg4 57. Nxg4 1/2-1/2

[Event "Madrid-ch Previa A"]
[Site "Madrid ESP"]
[Date "2016.02.15"]
[Round "4.24"]
[White "Serrano Gonzalez, Oscar"]
[Black "Ballesteros Jimenez, Miguel A"]
[Result "1-0"]
[WhiteElo "1718"]
[BlackElo "1607"]
[PlyCount "87"]
[EventDate "2016.02.08"]
[EventType "swiss"]
[EventRounds "9"]
[EventCountry "ESP"]
[SourceDate "2016.02.08"]

1. e4 c5 2. Nf3 e6 3. Nc3 a6 4. a4 Nc6 5. Be2 Qc7 6. b3 Nf6 7. Bb2 Be7 8. O-O
O-O 9. Re1 d6 10. d3 Bd7 11. Qd2 Rad8 12. h3 d5 13. exd5 exd5 14. Bf1 Rfe8 15.
Ne2 h6 16. Ng3 d4 17. Ne4 Bf5 18. Ba3 Nxe4 19. dxe4 Bg6 20. Bc4 Ne5 21. Nxe5
Qxe5 22. f4 Qc7 23. Re2 Bh4 24. Bd3 Bg3 25. e5 Bh5 26. Re4 f5 27. exf6 Rxe4 28.
Bxe4 Bxf4 29. Qd3 Be3+ 30. Kh1 gxf6 31. Qf1 Qe7 32. Qf5 Be8 33. Bxc5 Qg7 34.
Rf1 Bg5 35. Rf3 Bd7 36. Qd5+ Kh8 37. Bxd4 Re8 38. Qxb7 Qe7 39. Bd3 Qd6 40. Bf2
Re7 41. Qxa6 Qd5 42. Qc4 Qb7 43. Bf1 Bxh3 44. Rxh3 1-0

[Event "Madrid-ch Previa A"]
[Site "Madrid ESP"]
[Date "2016.02.15"]
[Round "4.26"]
[White "Martinez Miura, Enrique"]
[Black "Enriquez Pastor, Jorge"]
[Result "1-0"]
[WhiteElo "1653"]
[BlackElo "1425"]
[PlyCount "85"]
[EventDate "2016.02.08"]
[EventType "swiss"]
[EventRounds "9"]
[EventCountry "ESP"]
[SourceDate "2016.02.08"]

1. e4 c6 2. d4 d5 3. Nc3 dxe4 4. Nxe4 Bf5 5. Ng3 Bg6 6. Nf3 Nd7 7. Bd3 Bxd3 8.
Qxd3 e6 9. O-O Ngf6 10. Re1 Be7 11. Ne4 Nxe4 12. Qxe4 Nf6 13. Qe2 O-O 14. h3
Qc7 15. Bd2 Rfd8 16. c4 Qb6 17. Rab1 Qa6 18. a3 Rac8 19. Bc3 h6 20. Ne5 Qb6 21.
Nxf7 c5 22. Nxd8 Rxd8 23. Qxe6+ Qxe6 24. Rxe6 cxd4 25. Rxe7 dxc3 26. bxc3 Rd3
27. Rbxb7 Rxc3 28. Rxg7+ Kh8 29. Rgc7 Rxa3 30. Rc8+ Ng8 31. Rbb8 a5 32. Rxg8+
Kh7 33. Rg3 Ra1+ 34. Kh2 h5 35. Ra8 Rc1 36. Rxa5 Kh6 37. Ra8 Kh7 38. Rc8 h4 39.
Rg4 Rc2 40. c5 Rxf2 41. Rxh4+ Kg6 42. Rc4 Kg5 43. c6 1-0

[Event "Madrid-ch Previa A"]
[Site "Madrid ESP"]
[Date "2016.02.15"]
[Round "4.29"]
[White "Veuthey Martinez, Eloy"]
[Black "Martin Rodriguez, Jose Luis"]
[Result "1-0"]
[WhiteElo "1537"]
[BlackElo "1354"]
[PlyCount "109"]
[EventDate "2016.02.08"]
[EventType "swiss"]
[EventRounds "9"]
[EventCountry "ESP"]
[SourceDate "2016.02.08"]

1. d4 Nf6 2. Nf3 e6 3. e3 d5 4. Bd3 c5 5. b3 Nc6 6. O-O Be7 7. Bb2 cxd4 8. exd4
Bd7 9. a3 Qc7 10. Qe2 O-O-O 11. Ne5 Rde8 12. f4 Qb6 13. Nxc6 Bxc6 14. Nd2 Bd6
15. Kh1 h5 16. b4 a6 17. c4 Qc7 18. b5 Bd7 19. cxd5 Qb6 20. Nc4 Qc7 21. Rac1
Kb8 22. Nxd6 Qxd6 23. dxe6 Bxe6 24. bxa6 Ka7 25. axb7 Rb8 26. Qe5 Qb6 27. d5
Nd7 28. Bd4 Nxe5 29. Bxb6+ Kxb6 30. Rb1+ Ka7 31. fxe5 Bxd5 32. Be2 g5 33. Bf3
Bxb7 34. Bxb7 Rxb7 35. Rxb7+ Kxb7 36. Rxf7+ Kc6 37. e6 Rc8 38. e7 Re8 39. Kg1
Kd7 40. Kf2 Ke6 41. Rf8 Rxe7 42. Rh8 Rf7+ 43. Ke2 h4 44. Re8+ Kd7 45. Rg8 Rf5
46. Ke3 Ra5 47. Ke4 Ke6 48. Re8+ Kf7 49. Re5 Ra4+ 50. Kf5 Rxa3 51. Kxg5 Ra4 52.
Rf5+ Kg7 53. Rf4 Ra2 54. g4 Rxh2 55. Ra4 1-0

[Event "Madrid-ch Previa A"]
[Site "Madrid ESP"]
[Date "2016.02.15"]
[Round "4.30"]
[White "Lucia Carpintero, Oscar"]
[Black "Algaba Traspuesto, Jose Antonio"]
[Result "1-0"]
[WhiteElo "1675"]
[BlackElo "1635"]
[PlyCount "131"]
[EventDate "2016.02.08"]
[EventType "swiss"]
[EventRounds "9"]
[EventCountry "ESP"]
[SourceDate "2016.02.08"]

1. d4 Nf6 2. Nf3 g6 3. Bf4 Bg7 4. h3 O-O 5. e3 d6 6. Be2 c5 7. c3 Qb6 8. Qc1
Be6 9. Nbd2 Nc6 10. O-O Rac8 11. a4 cxd4 12. exd4 a5 13. Ra3 Nh5 14. Be3 Qc7
15. Qd1 Nf6 16. Ng5 Bd7 17. Nge4 Nd5 18. Bb5 Nxe3 19. fxe3 Na7 20. Bxd7 Qxd7
21. Qb3 Nc6 22. Qb5 Qc7 23. Rb3 Rb8 24. Qb6 Qxb6 25. Rxb6 f5 26. Ng5 Rf6 27.
Nc4 h6 28. Nf3 Re6 29. d5 Re4 30. Nfd2 Ne5 31. Nxa5 Rxe3 32. Kf2 Rd3 33. Ke2
Rxd5 34. Rxb7 Rxb7 35. Nxb7 Nc6 36. Rc1 Na5 37. Nxa5 Rxa5 38. Ra1 e5 39. Nc4
Ra6 40. b4 d5 41. b5 Re6 42. Ne3 d4 43. Nd1 e4 44. cxd4 Bxd4 45. Ra2 Kf7 46. a5
Re5 47. a6 Re8 48. Ra4 Bb6 49. Ne3 Rd8 50. Nc4 Bc5 51. a7 Bxa7 52. Rxa7+ Ke6
53. b6 Kd5 54. Rc7 Rb8 55. Ke3 g5 56. g3 h5 57. b7 h4 58. gxh4 f4+ 59. Ke2 gxh4
60. Na5 Rg8 61. Rc8 Rg2+ 62. Kf1 Ra2 63. b8=Q Ra1+ 64. Ke2 Ra2+ 65. Kd1 f3 66.
Qb3+ 1-0

[Event "Madrid-ch Previa A"]
[Site "Madrid ESP"]
[Date "2016.02.15"]
[Round "4.31"]
[White "Torres Alvarez, Augusto"]
[Black "Beekhof Harmsen, Willen"]
[Result "1-0"]
[WhiteElo "1501"]
[BlackElo "1626"]
[PlyCount "121"]
[EventDate "2016.02.08"]
[EventType "swiss"]
[EventRounds "9"]
[EventCountry "ESP"]
[SourceDate "2016.02.08"]

1. d4 Nf6 2. Nf3 g6 3. Bf4 c6 4. e3 b5 5. c4 Qa5+ 6. Qd2 Qxd2+ 7. Nbxd2 a6 8.
c5 Bg7 9. h3 Nd5 10. Bh2 Nb4 11. Kd1 a5 12. a3 N4a6 13. b4 a4 14. Bd3 Ra7 15.
g4 Nc7 16. Ke2 O-O 17. h4 Rd8 18. Ne4 d6 19. Rag1 d5 20. Ned2 Nd7 21. g5 Nf8
22. Ne5 Bxe5 23. Bxe5 Ne8 24. h5 f6 25. gxf6 exf6 26. hxg6 Rg7 27. gxh7+ Nxh7
28. Bxh7+ Kf7 29. Bf4 Rxg1 30. Rxg1 Ng7 31. Bh6 Nf5 32. Bg6+ Ke6 33. Bf4 Nh4
34. Bh5 Rh8 35. Bf3 Nf5 36. Bg4 Kf7 37. Nf3 Be6 38. Rg2 Rh1 39. Rg1 Rxg1 40.
Nxg1 Nxd4+ 41. exd4 Bxg4+ 42. Ke3 Ke6 43. f3 Bh5 44. Nh3 Kf5 45. Bc7 Be8 46.
Nf4 Bf7 47. Ng2 Kg5 48. Kf2 Kh5 49. Kg3 Kg6 50. Kf4 Be6 51. Nh4+ Kf7 52. Nf5
Bd7 53. Nd6+ Ke7 54. Kg3 Ke6 55. Kh4 Ke7 56. Kh5 Bh3 57. Kg6 Be6 58. Nf5+ Kd7
59. Bd6 Bg8 60. Kxf6 Be6 61. f4 1-0

[Event "Madrid-ch Previa A"]
[Site "Madrid ESP"]
[Date "2016.02.15"]
[Round "4.32"]
[White "Navarro Corredor, Angel"]
[Black "Castro Uceda, Jose Antonio"]
[Result "0-1"]
[WhiteElo "1456"]
[BlackElo "1605"]
[PlyCount "96"]
[EventDate "2016.02.08"]
[EventType "swiss"]
[EventRounds "9"]
[EventCountry "ESP"]
[SourceDate "2016.02.08"]

1. e4 c5 2. Nf3 d6 3. Be2 Nf6 4. Nc3 a6 5. O-O e6 6. d4 cxd4 7. Nxd4 Be7 8. Bg5
Nxe4 9. Bxe7 Nxc3 10. Bxd8 Nxd1 11. Raxd1 Kxd8 12. Nf3 Ke7 13. Nd4 Nc6 14. Nb3
Bd7 15. a3 Rac8 16. c3 Rhd8 17. Rd2 Ne5 18. Na5 Rc7 19. Rd4 b6 20. Nc4 Nxc4 21.
Bxc4 b5 22. Bb3 Rc5 23. Re1 Bc6 24. Bc2 Rg5 25. g3 h5 26. f4 Rc5 27. Red1 e5
28. fxe5 Rxe5 29. Kf2 d5 30. Re1 f6 31. Bg6 Rd6 32. Bxh5 Rde6 33. Rxe5 fxe5 34.
Rd2 Rh6 35. g4 g6 36. Kg3 gxh5 37. gxh5 Rxh5 38. Rf2 e4 39. h4 Bd7 40. Re2 Kd6
41. b4 Ke5 42. Kf2 Rxh4 43. Re3 Rh2+ 44. Kg3 Ra2 45. Kh4 Rxa3 46. Rg3 Kf4 47.
Rg7 Ra1 48. Rg2 Rh1+ 0-1

[Event "Madrid-ch Previa A"]
[Site "Madrid ESP"]
[Date "2016.02.15"]
[Round "4.33"]
[White "Suarez Mencia, Roberto"]
[Black "Ojosnegros Martin, Angel"]
[Result "1-0"]
[WhiteElo "1448"]
[BlackElo "1524"]
[PlyCount "77"]
[EventDate "2016.02.08"]
[EventType "swiss"]
[EventRounds "9"]
[EventCountry "ESP"]
[SourceDate "2016.02.08"]

1. c4 c5 2. g3 g6 3. Bg2 Bg7 4. e3 Nc6 5. Ne2 e6 6. Nbc3 Nge7 7. O-O d6 8. d4
cxd4 9. exd4 O-O 10. a3 a6 11. d5 Ne5 12. b3 Nf5 13. Bf4 Qc7 14. Rc1 h6 15. Ne4
Rd8 16. c5 Qe7 17. b4 g5 18. Be3 Nxe3 19. fxe3 dxc5 20. d6 Qf8 21. bxc5 f5 22.
N4c3 Nc4 23. Qd3 Ne5 24. Qc2 Rb8 25. e4 Bd7 26. exf5 exf5 27. Nd5 Nc6 28. Nb6
Nd4 29. Nxd4 Bxd4+ 30. Kh1 Bc6 31. Qc4+ Qf7 32. Qxd4 Bxg2+ 33. Kxg2 Qa2+ 34.
Rf2 Qxa3 35. Qd5+ Kh8 36. Qe5+ Kg8 37. Rcf1 Re8 38. Qxf5 Rf8 39. Qg6+ 1-0

[Event "Madrid-ch Previa A"]
[Site "Madrid ESP"]
[Date "2016.02.16"]
[Round "5.1"]
[White "Garcia Gutierrez, Jose"]
[Black "Ruiz Quevedo, Andres"]
[Result "1/2-1/2"]
[WhiteElo "1928"]
[BlackElo "1902"]
[PlyCount "26"]
[EventDate "2016.02.08"]
[EventType "swiss"]
[EventRounds "9"]
[EventCountry "ESP"]
[SourceDate "2016.02.08"]

1. g3 c5 2. Bg2 Nf6 3. b3 e6 4. Bb2 Be7 5. Nf3 O-O 6. O-O Nc6 7. e3 a6 8. c4
Rb8 9. d4 cxd4 10. exd4 d5 11. Nc3 b6 12. cxd5 exd5 13. Rc1 Bb7 1/2-1/2

[Event "Madrid-ch Previa A"]
[Site "Madrid ESP"]
[Date "2016.02.16"]
[Round "5.2"]
[White "Fernandez Rios, Jose Francisco"]
[Black "Lozano Sanchez, Jose Antonio"]
[Result "1-0"]
[WhiteElo "1778"]
[BlackElo "1883"]
[PlyCount "69"]
[EventDate "2016.02.08"]
[EventType "swiss"]
[EventRounds "9"]
[EventCountry "ESP"]
[SourceDate "2016.02.08"]

1. d4 d5 2. c4 c6 3. Nf3 Nf6 4. e3 e6 5. Nbd2 Nbd7 6. b3 Be7 7. Bb2 O-O 8. Bd3
h6 9. O-O Re8 10. Ne5 Bd6 11. f4 c5 12. Rf3 b6 13. Rh3 cxd4 14. exd4 dxc4 15.
Ndxc4 Bxe5 16. fxe5 Nd5 17. Qf3 Rb8 18. Rf1 Rf8 19. Nd6 f5 20. Bc1 Nc7 21. Bxh6
Ne8 22. Qg3 Rf7 23. Nxf7 Kxf7 24. Bg5 Qc7 25. Rc1 Qb7 26. Qh4 Nf8 27. Qg3 Qd7
28. Qe3 Bb7 29. Bc4 Rc8 30. Qd2 a6 31. Rhc3 Rc7 32. Be2 Bd5 33. Bxa6 Be4 34.
Bb5 Qd5 35. Bxe8+ 1-0

[Event "Madrid-ch Previa A"]
[Site "Madrid ESP"]
[Date "2016.02.16"]
[Round "5.3"]
[White "Martin Garcia, Francisco Javie"]
[Black "Roldan Garcia, Angel"]
[Result "1/2-1/2"]
[WhiteElo "1553"]
[BlackElo "1838"]
[PlyCount "88"]
[EventDate "2016.02.08"]
[EventType "swiss"]
[EventRounds "9"]
[EventCountry "ESP"]
[SourceDate "2016.02.08"]

1. e4 c5 2. Nf3 e6 3. d4 cxd4 4. Nxd4 Nc6 5. Nc3 Qc7 6. Be3 a6 7. Qd2 Nf6 8. f3
Be7 9. O-O-O h5 10. Nb3 b5 11. Qf2 b4 12. Na4 d5 13. Bb6 Qf4+ 14. Be3 Qc7 15.
Nb6 Rb8 16. exd5 Nxd5 17. Nxd5 exd5 18. Bd3 Ne5 19. Kb1 Nxd3 20. Rxd3 Bb7 21.
Bb6 Qd7 22. Re1 O-O 23. Bc5 Rfe8 24. Bxe7 Rxe7 25. Rxe7 Qxe7 26. Re3 Qf6 27.
Nc5 Qd6 28. Nxb7 Rxb7 29. g3 Re7 30. Rxe7 Qxe7 31. Kc1 Qd6 32. Kd2 Qe5 33. Kc1
a5 34. Qd2 d4 35. Qf2 Qd5 36. Qe2 Qxa2 37. Qe8+ Kh7 38. Qe4+ g6 39. Qxd4 Qe6
40. Kd2 Qh3 41. Qf2 Qd7+ 42. Kc1 Qd5 43. f4 Qh1+ 44. Kd2 Qd5+ 1/2-1/2

[Event "Madrid-ch Previa A"]
[Site "Madrid ESP"]
[Date "2016.02.16"]
[Round "5.4"]
[White "Camacho Casado, Demetrio"]
[Black "Fernandez Aransay, Fernando"]
[Result "1/2-1/2"]
[WhiteElo "1909"]
[BlackElo "1800"]
[PlyCount "27"]
[EventDate "2016.02.08"]
[EventType "swiss"]
[EventRounds "9"]
[EventCountry "ESP"]
[SourceDate "2016.02.08"]

1. e4 c5 2. c4 d6 3. Nc3 Nf6 4. g3 Nc6 5. Bg2 g6 6. d3 Bg7 7. Nge2 O-O 8. O-O
Bg4 9. h3 Bd7 10. Be3 Qc8 11. Kh2 a6 12. Qd2 Re8 13. Bh6 Bh8 14. Na4 1/2-1/2

[Event "Madrid-ch Previa A"]
[Site "Madrid ESP"]
[Date "2016.02.16"]
[Round "5.5"]
[White "Ortega Morales, Pedro"]
[Black "Garcia Diez, Mariano"]
[Result "1/2-1/2"]
[WhiteElo "1751"]
[BlackElo "1902"]
[PlyCount "104"]
[EventDate "2016.02.08"]
[EventType "swiss"]
[EventRounds "9"]
[EventCountry "ESP"]
[SourceDate "2016.02.08"]

1. d4 f5 2. e4 fxe4 3. Nc3 Nf6 4. Bg5 Nc6 5. Bxf6 exf6 6. Nxe4 Qe7 7. Qe2 Nxd4
8. Qd3 Nc6 9. O-O-O Ne5 10. Qc3 Qb4 11. Qxb4 Bxb4 12. c3 Be7 13. f4 Ng6 14. g3
d6 15. Bc4 Bf5 16. Nf2 O-O-O 17. Nf3 c5 18. Rhe1 Bd7 19. h4 Bc6 20. Be6+ Kc7
21. Ng1 Nf8 22. Bf7 Kd7 23. f5 g6 24. Re3 Rb8 25. Rde1 Bd8 26. g4 gxf5 27. gxf5
h5 28. Be8+ Kc7 29. Bxc6 Kxc6 30. Re8 Bc7 31. Rxb8 Bxb8 32. Re8 Ng6 33. Rxh8
Nxh8 34. Ne4 Kd5 35. Nxf6+ Ke5 36. Nd7+ Kxf5 37. Nxb8 Kg4 38. Nd7 Kxh4 39. Nf6
Kg5 40. Ne4+ Kf4 41. Nxd6 h4 42. Kd2 Kg3 43. Ke2 Kg2 44. Nf3 h3 45. Nh4+ Kg3
46. Nf3 Ng6 47. Nf5+ Kg2 48. Ne3+ Kg3 49. Nf1+ Kg2 50. Ne1+ Kg1 51. Nf3+ Kg2
52. Ne3+ Kg3 1/2-1/2

[Event "Madrid-ch Previa A"]
[Site "Madrid ESP"]
[Date "2016.02.16"]
[Round "5.6"]
[White "Santos Garay-Cordovil, Salvado"]
[Black "Pashov, Spas Nikolov"]
[Result "1/2-1/2"]
[WhiteElo "1873"]
[BlackElo "1774"]
[PlyCount "44"]
[EventDate "2016.02.08"]
[EventType "swiss"]
[EventRounds "9"]
[EventCountry "ESP"]
[SourceDate "2016.02.08"]

1. d4 Nf6 2. Bg5 e6 3. e4 Be7 4. e5 Nd5 5. Bxe7 Qxe7 6. Qd2 c5 7. c3 Nc6 8. Nf3
d6 9. c4 Nc7 10. dxc5 dxe5 11. b4 Qf6 12. Nc3 e4 13. Ng5 e3 14. Qxe3 Nxb4 15.
Qd2 Nc2+ 16. Qxc2 Qxg5 17. Ne4 Qe5 18. Rd1 f5 19. Bd3 fxe4 20. Bxe4 O-O 21. O-O
g6 22. Rfe1 Qg7 1/2-1/2

[Event "Madrid-ch Previa A"]
[Site "Madrid ESP"]
[Date "2016.02.16"]
[Round "5.8"]
[White "Galan Aguado, Fernando"]
[Black "Lopez Heras, Arturo"]
[Result "1/2-1/2"]
[WhiteElo "1738"]
[BlackElo "1812"]
[PlyCount "55"]
[EventDate "2016.02.08"]
[EventType "swiss"]
[EventRounds "9"]
[EventCountry "ESP"]
[SourceDate "2016.02.08"]

1. d4 Nf6 2. Nf3 g6 3. Bf4 Bg7 4. e3 d6 5. h3 O-O 6. Be2 c5 7. Nc3 Nbd7 8. d5
a6 9. a4 b6 10. O-O Re8 11. e4 Nh5 12. Bh2 Bh6 13. Re1 Nf4 14. Bf1 Ne5 15. g3
Nxh3+ 16. Bxh3 Bxh3 17. Nxe5 dxe5 18. g4 Qd7 19. f3 Bg7 20. Bg3 h5 21. gxh5
gxh5 22. Kf2 f5 23. Rh1 fxe4 24. Nxe4 Rf8 25. Qd3 Bf5 26. Rag1 Bxe4 27. Qxe4
Qf5 28. Re1 1/2-1/2